| 000 | 00527nam a22001697a 4500 | ||
|---|---|---|---|
| 003 | SGT | ||
| 020 | _a9780198728726 | ||
| 082 | _a541,ATK | ||
| 100 | _aATKINS,PETER | ||
| 245 | _aPHYSICAL CHEMISTRY | ||
| 250 | _a10TH | ||
| 260 |
_aNEW DELHI _bOXFORD _c2014 |
||
| 300 | _a1008 | ||
| 650 | _aPHYSICAL CHEMISTRY | ||
| 653 | _aFOUNDATIONS,THERMODYNAMICS,THE FIRST LAW,THE SECOND AND THIRD LAWS,PHYSICAL TRANSFORMATIONS OF PURE SUBSTANCES,SIMPLE MIXTURES,CHEMICAL EQUILIBRIUM,INTRODUCTION TO QUANTUM THEORY | ||
| 942 |
_2ddc _cFPS _03 |
||
| 999 |
_c9252 _d9252 |
||